000 nam a22 a 4500
999 _c167024
_d167024
003 BLK
005 20220711090528.0
008 180411b bul|||||r ||||||| ||bul||
010 _aKNG00174799000
040 _aBLK
041 _aBUL
_cBUL
072 7 _2bullib
_aК
_xКраезнание
080 _aРъководство. Учители. Друг персонал
_b37.091.113
_x(497.2)(09)
_z37.091.113(497.2)(09)
139 _a[Шестдесет] 60 години подготовка на учители в Русе
_bШ 58
245 1 0 _a[Шестдесет] 60 години подготовка на учители в Русе
_bИстор. очерк
257 _aBGR
260 _bНар. просв.
_c1970
_fРусе : Дунав
_aСофия
300 _a84 с.
_bс ил.
_c20 см
380 _a3
500 _aИзд. на Инст. за детски учителки - Русе. - 1 081 тир.
650 4 _aУчители - подготовка и квалификация
_9248892
650 4 _aУчилища, педагогически - България
_9274439
651 4 _aБългария
_9241624
651 4 _aРусе
_9179462
653 _aучители
653 _aобразование
653 _aинститути
653 _aюбилеи
653 _aРусе
659 _aК
852 _aЦб 54725
_bЦб
852 _aК 37.09/Ш 58 г
856 4 _qpdf
856 4 _qpdf
942 _cKNG
_n0
_s1
944 _aCR
_c29.04.2015
_l29.04.2015 - от С1,Р / 29.04.2015
_kГеновева_Генчева
944 _aED
_c29.04.2015
_l29.04.2015 - от С1,Р / 29.04.2015
999 _d167024
999 _d167024